[Event "AUT-chT2S 9596"]
[Site "Austria"]
[Date "1996.??.??"]
[Round "?"]
[White "Kronig, Guido"]
[Black "Ebner, Walter"]
[Result "0-1"]
[WhiteElo "2070"]
[BlackElo "2185"]
[PlyCount "80"]
[EventDate "1995.??.??"]
[EventType "team-tourn"]
[EventRounds "11"]
[EventCountry "AUT"]
[SourceTitle "EXT 1999"]
[Source "ChessBase"]
[SourceDate "1998.11.16"]
[SourceVersion "1"]
[SourceVersionDate "1998.11.16"]
[SourceQuality "1"]

1. e4 c5 2. Nf3 Nc6 3. d4 cxd4 4. Nxd4 g6 5. c4 Bg7 6. Be3 Nf6 7. Nc3 0-0 8. Be2 d6 9. 0-0 Bd7 10. Rc1 Nxd4 11. Bxd4 Bc6 12. Qd3 a5 13. b3 Nd7 14. Bxg7 Kxg7 15. f4 Nc5 16. Qe3 Qb6 17. Kh1 Na4 18. Qd2 Nxc3 19. Qxc3+ f6 20. Bd3 Qc5 21. Rf3 Rac8 22. f5 Qb4 23. Qd4 b5 24. Qe3 bxc4 25. bxc4 Qb2 26. Rh3 g5 27. Rf1 Rh8 28. c5 Rcd8 29. cxd6 Rxd6 30. Rg3 Rhd8 31. Be2 Qe5 32. Bf3 h6 33. Rh3 Rd2 34. Qa3 R2d3 35. Qc1 Rc3 36. Qe1 Rc2 37. Qe3 Rxa2 38. Qb6 Ra1 39. Be2 Rxf1+ 40. Bxf1 Rd1 0-1

[Event "AUT-chT2S 9596"]
[Site "Austria"]
[Date "1995.??.??"]
[Round "?"]
[White "Bodner, Alfred"]
[Black "Kronig, Guido"]
[Result "1-0"]
[WhiteElo "2005"]
[BlackElo "2070"]
[PlyCount "85"]
[EventDate "1995.??.??"]
[EventType "team-tourn"]
[EventRounds "11"]
[EventCountry "AUT"]
[SourceTitle "EXT 1999"]
[Source "ChessBase"]
[SourceDate "1998.11.16"]
[SourceVersion "1"]
[SourceVersionDate "1998.11.16"]
[SourceQuality "1"]

1. e4 d5 2. exd5 Qxd5 3. Nc3 Qa5 4. d4 Nf6 5. Bd2 c6 6. Bd3 Qb6 7. Nge2 Bg4 8. f3 Bh5 9. Na4 Qd8 10. Nc5 b6 11. Ne4 e6 12. c3 Be7 13. 0-0 0-0 14. Qc2 Nbd7 15. Ng5 Bg6 16. Bxg6 hxg6 17. Nf4 Nd5 18. Ngxe6 fxe6 19. Nxe6 Qe8 20. Nxf8 Nxf8 21. c4 Nf6 22. Rfe1 Qd7 23. Be3 Bb4 24. Re2 Bd6 25. Rd1 Re8 26. Qb3 Bc7 27. d5 cxd5 28. cxd5 Bd6 29. Rc2 Qf5 30. Bf2 N8d7 31. Rc6 Bc5 32. Bxc5 Nxc5 33. Qc4 Kh7 34. b4 Ncd7 35. Re6 g5 36. Rxe8 Nxe8 37. Qe4 Qxe4 38. fxe4 Kg6 39. Rc1 Kf7 40. Rc6 Kf8 41. d6 Ne5 42. Rc8 Nd7 43. Rd8 1-0

[Event "AUT-chT2S 9596"]
[Site "Austria"]
[Date "1995.??.??"]
[Round "?"]
[White "Bonstingl, Georg"]
[Black "Kronig, Guido"]
[Result "1-0"]
[WhiteElo "2195"]
[BlackElo "2070"]
[PlyCount "49"]
[EventDate "1995.??.??"]
[EventType "team-tourn"]
[EventRounds "11"]
[EventCountry "AUT"]
[SourceTitle "EXT 1999"]
[Source "ChessBase"]
[SourceDate "1998.11.16"]
[SourceVersion "1"]
[SourceVersionDate "1998.11.16"]
[SourceQuality "1"]

1. Nf3 Nf6 2. g3 g6 3. Bg2 d5 4. 0-0 Bg7 5. c4 c6 6. d4 0-0 7. Nc3 Na6 8. cxd5 Nxd5 9. e4 Nxc3 10. bxc3 c5 11. Be3 cxd4 12. cxd4 b6 13. Qa4 Bb7 14. Rac1 e6 15. Rfd1 Qe7 16. Bg5 f6 17. Be3 Rfd8 18. Ne1 Nc7 19. Nd3 f5 20. f3 a6 21. Nf4 Rd7 22. Qb3 b5 23. d5 exd5 24. Rxc7 Rxc7 25. Nxd5 1-0

[Event "Finkenstein op"]
[Site "Finkenstein"]
[Date "1995.??.??"]
[Round "5"]
[White "Kronig, Guido"]
[Black "Kolar, Srecko"]
[Result "0-1"]
[WhiteElo "2075"]
[BlackElo "2230"]
[PlyCount "70"]
[EventDate "1995.??.??"]
[EventType "swiss"]
[EventRounds "9"]
[EventCountry "AUT"]
[SourceTitle "EXT 1997"]
[Source "ChessBase"]
[SourceDate "1996.11.15"]
[SourceVersion "1"]
[SourceVersionDate "1996.11.15"]
[SourceQuality "1"]

1. e4 e5 2. Nf3 Nc6 3. Bb5 a6 4. Ba4 Nf6 5. 0-0 b5 6. Bb3 Bb7 7. Re1 Bc5 8. c3 d6 9. h3 h6 10. d4 Bb6 11. d5 Ne7 12. a4 bxa4 13. Bxa4+ Nd7 14. Na3 0-0 15. Nc4 f5 16. Nxb6 cxb6 17. exf5 Nxf5 18. Bc2 Bc8 19. Nh2 Nf6 20. Ng4 Ra7 21. Qd3 Ne7 22. Qg3 Kh8 23. c4 Nf5 24. Qd3 Nd4 25. Nxf6 gxf6 26. Bd1 Rg8 27. Qe3 Rag7 28. Kh1 f5 29. Rg1 f4 30. Qc3 Qh4 31. Bxf4 Qxf4 32. Qe3 Qxe3 33. fxe3 Nf5 34. e4 Ng3+ 35. Kh2 Nxe4 0-1

[Event "AUT-chT2S 9495"]
[Site "Austria"]
[Date "1995.??.??"]
[Round "8"]
[White "Kronig, Guido"]
[Black "Maninger, Ernst"]
[Result "1-0"]
[WhiteElo "2050"]
[BlackElo "2030"]
[PlyCount "80"]
[EventDate "1994.??.??"]
[EventType "team"]
[EventRounds "11"]
[EventCountry "AUT"]
[SourceTitle "EXT 1998"]
[Source "ChessBase"]
[SourceDate "1997.11.17"]
[SourceVersion "1"]
[SourceVersionDate "1997.11.17"]
[SourceQuality "1"]

1. e4 e5 2. Nf3 Nf6 3. Nxe5 d6 4. Nf3 Nxe4 5. d4 d5 6. Be2 Bd6 7. 0-0 0-0 8. Nbd2 Re8 9. c4 c6 10. Re1 Nd7 11. Nf1 Ndf6 12. Ng3 Ng4 13. Rf1 Qc7 14. Ng5 Nxh2 15. Kxh2 Bxg3+ 16. Kg1 Bh2+ 17. Kh1 Bf4 18. Nxe4 Rxe4 19. Bf3 Re6 20. g3 Rh6+ 21. Kg1 Rg6 22. Bh5 Rg5 23. cxd5 cxd5 24. Qa4 Bd7 25. Bxf4 Qxf4 26. Qxd7 g6 27. Be2 Qxd4 28. Kg2 Qxb2 29. Bf3 Qf6 30. Rfe1 Rd8 31. Re8+ Rxe8 32. Qxe8+ Kg7 33. Rd1 Rf5 34. Qe2 Qe6 35. Qb2+ Qf6 36. Qxf6+ Kxf6 37. Rxd5 Rxd5 38. Bxd5 b5 39. Kf3 h6 40. Ke4 Ke7 1-0

[Event "AUT-chT2S 9596"]
[Site "Austria"]
[Date "1995.??.??"]
[Round "?"]
[White "Kronig, Guido"]
[Black "Waldmann, Gerald"]
[Result "0-1"]
[WhiteElo "2070"]
[BlackElo "2175"]
[PlyCount "68"]
[EventDate "1995.??.??"]
[EventType "team-tourn"]
[EventRounds "11"]
[EventCountry "AUT"]
[SourceTitle "EXT 1999"]
[Source "ChessBase"]
[SourceDate "1998.11.16"]
[SourceVersion "1"]
[SourceVersionDate "1998.11.16"]
[SourceQuality "1"]

1. e4 e6 2. d4 d5 3. Nd2 Nf6 4. e5 Nfd7 5. Ngf3 c5 6. dxc5 Qc7 7. Nb3 Nc6 8. Bb5 Nxc5 9. 0-0 Bd7 10. Bf4 Be7 11. Nxc5 Bxc5 12. c3 f5 13. c4 Ne7 14. Rc1 Bxb5 15. cxb5 Qb6 16. b4 Bxb4 17. Qa4 Bc5 18. Rxc5 Qxc5 19. Rc1 Qb6 20. Be3 Qd8 21. b6+ Kf8 22. Ng5 axb6 23. Nxe6+ Kg8 24. Qb5 Qe8 25. Qb2 Qd7 26. Nxg7 Nc6 27. Nh5 Qe6 28. Nf6+ Kf7 29. Qxb6 Qxe5 30. Qxb7+ Ne7 31. Nd7 Qd6 32. Bd4 Rhd8 33. Ne5+ Kg8 34. Rc6 Rab8 0-1

[Event "Finkenstein op"]
[Site "Finkenstein"]
[Date "1995.??.??"]
[Round "8"]
[White "Reichmann, Egon"]
[Black "Kronig, Guido"]
[Result "1/2-1/2"]
[WhiteElo "2280"]
[BlackElo "2075"]
[PlyCount "40"]
[EventDate "1995.??.??"]
[EventType "swiss"]
[EventRounds "9"]
[EventCountry "AUT"]
[SourceTitle "EXT 1997"]
[Source "ChessBase"]
[SourceDate "1996.11.15"]
[SourceVersion "1"]
[SourceVersionDate "1996.11.15"]
[SourceQuality "1"]

1. e4 d5 2. exd5 Qxd5 3. Nc3 Qa5 4. d4 Nf6 5. Nf3 c6 6. Ne5 Bf5 7. g4 Bg6 8. h4 Be4 9. Nc4 Qc7 10. Nxe4 Nxe4 11. Qf3 Nf6 12. Bf4 Qd7 13. g5 Qd5 14. Qh3 Nfd7 15. Ne3 Qa5+ 16. c3 Na6 17. b4 Nxb4 18. Nc4 Nc2+ 19. Kd2 Qd5 20. Kxc2 Qe4+ 1/2-1/2

[Event "Finkenstein op"]
[Site "Finkenstein"]
[Date "1994.??.??"]
[Round "?"]
[White "Kronig, Guido"]
[Black "Gostisa, Leon F"]
[Result "1-0"]
[WhiteElo "2050"]
[BlackElo "2420"]
[PlyCount "77"]
[EventDate "1994.??.??"]
[EventType "swiss"]
[EventRounds "9"]
[EventCountry "AUT"]
[SourceTitle "EXT 1997"]
[Source "ChessBase"]
[SourceDate "1996.11.15"]
[SourceVersion "1"]
[SourceVersionDate "1996.11.15"]
[SourceQuality "1"]

1. e4 e5 2. Nf3 Nc6 3. Bb5 a6 4. Ba4 Nf6 5. 0-0 Be7 6. Re1 b5 7. Bb3 0-0 8. c3 d6 9. h3 a5 10. d4 exd4 11. cxd4 a4 12. Bc2 Nb4 13. Nc3 Nxc2 14. Qxc2 c6 15. Bg5 h6 16. Bh4 a3 17. b3 g5 18. Bg3 Nh5 19. Bh2 Ng7 20. Rad1 Qa5 21. d5 c5 22. e5 Bf5 23. Qc1 Rfd8 24. exd6 Bxd6 25. Bxd6 Rxd6 26. Ne5 Qb6 27. Nc6 Rf6 28. Qe3 Bc2 29. Rc1 Re8 30. Ne7+ Rxe7 31. Qxe7 Bg6 32. Nd1 Rd6 33. Ne3 f5 34. Red1 Nh5 35. Nxf5 Bxf5 36. Qe8+ Kg7 37. Qxh5 Rf6 38. Qe2 Bg6 39. Qe7+ 1-0